| 000 | 00818nas a2200289 4500 | ||
|---|---|---|---|
| 001 | BR0203325 | ||
| 003 | BR-BrBNA | ||
| 005 | 20231205103059.0 | ||
| 007 | ta | ||
| 008 | 230509b bl.|||p| |||| 00| 00por d | ||
| 040 |
_aBR-BrBNA _bpor _cBiblioteca Nacional de Agricultura |
||
| 041 | _a(Pt) | ||
| 072 | _aQ04 | ||
| 100 | 1 | _aMatsuura, F.C.A.U. | |
| 100 | 1 | _aCardoso, R.L. | |
| 100 | 1 | _aRibeiro, D.E. | |
| 245 | 1 | _aQualidade sensorial de frutos de híbridos de bananeira cultivar Pacovan | |
| 650 | _aBANANA | ||
| 650 | _aQUALIDADE | ||
| 650 | _aAROMA | ||
| 650 | _aSABOR | ||
| 650 | _aTEXTURA | ||
| 650 | _aCOR | ||
| 773 | 0 |
_tRevista Brasileira de Fruticultura (Brazil) _xISSN 0100-2945 _g(Apr 2002), v. 24(1) p. 263-266 _wBR0203325 |
|
| 909 |
_a202311 _bLúcia _c55 _dLúcia Elande |
||
| 942 |
_2AGRIS _n0 _cANA |
||
| 999 |
_c170953 _d170953 |
||